Statistiques concernant Les acteurs dans Harry Potter

Cliquez ici pour prendre le quiz!

Statistiques générales

  • Ce quiz a été pris 48 fois
  • Le résultat moyen est 20 sur 54

Statistiques - réponses

PersonnagesActeurs/Actrices% Correct
Hermione GrangerEmma Watson
97%
Harry PotterDaniel Radcliffe
94%
Ron WeasleyRupert Grint
91%
VoldemortRalph Fiennes
88%
Drago MalefoyTom Felton
78%
Minerva McGonagallMaggie Smith
75%
Severus RogueAlan Rickman
72%
Sirius BlackGary Oldman
72%
Bellatrix LestrangeHelena Bonham Carter
69%
Cédric DiggoryRobert Pattinson
69%
Rubeus HagridRobbie Coltrane
66%
Ginny WeasleyBonnie Wright
63%
Albus DumbledoreMichael Gambon
63%
Albus DumbledoreRichard Harris
56%
Fleur DelacourClémence Poésy
53%
Sibylle TrelawneyEmma Thompson
53%
George WeasleyOliver Phelps
53%
Luna LovegoodEvanna Lynch
47%
Fred WeasleyJames Phelps
44%
Lucius MalefoyJason Isaacs
41%
Neville LondubatMatthew Lewis
41%
Gilderoy LockhartKenneth Branagh
31%
Remus LupinDavid Thewlis
28%
Dudley DursleyHarry Melling
28%
Narcissa MalefoyHelen McCrory
28%
Molly WeasleyJulie Walters
28%
Vernon DursleyRichard Griffiths
28%
Cho ChangKatie Leung
25%
Arthur WeasleyMark Williams
25%
Peter PettigrowTimothy Spall
25%
Petunia DursleyFiona Shaw
22%
Olympe MaximeFrances de la Tour
22%
Quirinus QuirellIan Hart
22%
Dolores OmbrageImelda Staunton
22%
Dean ThomasAlfred Enoch
19%
Argus RusardDavid Bradley
19%
Seamus FinniganDevon Murray
19%
VoldemortHero Fiennes Tiffin
19%
Nymphadora TonksNatalia Tena
19%
Filius FlitwickWarwick Davis
19%
Alastor MaugreyBrendan Gleeson
16%
Bill WeasleyDomhnall Gleeson
13%
Lily PotterGeraldine Somerville
13%
Viktor KrumStanislav Ianevski
13%
Vincent CrabbeJamie Waylett
9%
Lavande BrownJessica Cave
9%
Horace SlughornJim Broadbent
9%
Pomona ChouraveMiriam Margolyes
9%
James PotterAdrian Rawlins
6%
Fenrir GreybackDave Legeno
6%
Poppy PomfreshGemma Jones
6%
Renée BibineZoé Wanamaker
6%
Kingsley ShackleboltGeorge Harris
3%
Cornelius FudgeRobert Hardy
3%

Distribution des résultats

Percentile par nombre de réponses

% des personnes avec chaque résultat

Votre développement - résultats

Vous n’avez pas pris ce quiz